UM Logo

Focus on nursing pharmacology/ (Record no. 2726)

MARC details
000 -LEADER
fixed length control field 00584nam a22001817a 4500
008 - FIXED-LENGTH DATA ELEMENTS--GENERAL INFORMATION
fixed length control field 160525b xxu||||| |||| 00| 0 eng d
020 ## - INTERNATIONAL STANDARD BOOK NUMBER
International Standard Book Number 0781752698
082 ## - DEWEY DECIMAL CLASSIFICATION NUMBER
Edition number 2003
Classification number DC 615.85
Item number K14
100 ## - MAIN ENTRY--PERSONAL NAME
9 (RLIN) 9022
Personal name Karch, Amy M.
245 ## - TITLE STATEMENT
Title Focus on nursing pharmacology/
Statement of responsibility, etc. Amy M. Karch.
250 ## - EDITION STATEMENT
Edition statement 2nd Edition
260 ## - PUBLICATION, DISTRIBUTION, ETC. (IMPRINT)
Place of publication, distribution, etc. Philadelphia:
Name of publisher, distributor, etc. Lippincott Williams & Wilkins,
Date of publication, distribution, etc. c2003.
300 ## - PHYSICAL DESCRIPTION
Extent xiii, 886 pages:
Other physical details illustrations;
Dimensions 28 cm.
500 ## - GENERAL NOTE
General note Includes bibliographical references and index.<br/>
650 #0 - SUBJECT ADDED ENTRY--TOPICAL TERM
9 (RLIN) 9023
Topical term or geographic name as entry element Pharmacology
650 #0 - SUBJECT ADDED ENTRY--TOPICAL TERM
9 (RLIN) 9024
Topical term or geographic name as entry element Nursing
942 ## - ADDED ENTRY ELEMENTS (KOHA)
Source of classification or shelving scheme Dewey Decimal Classification
Koha item type Circulation
Holdings
Withdrawn status Lost status Source of classification or shelving scheme Damaged status Not for loan Collection code Home library Current library Date acquired Source of acquisition Total Checkouts Full call number Barcode Date last seen Copy number Price effective from Koha item type
    Dewey Decimal Classification     Circulation UM Digos College - LIC UM Digos College - LIC 11/19/2004 Purchased   DC 615.85 K14 2003 16469 06/08/2021 1 05/25/2016 Circulation
    Dewey Decimal Classification     Circulation UM Digos College - LIC UM Digos College - LIC 08/18/2004 Purchased   DC 615.85 K14 2003 17486 06/08/2021 2 05/28/2016 Circulation